Villahermosa Int. Airport Destinations (Villahermosa, Mexico) - Statistics

General Stats
  • This quiz has been taken 19 times
    11 since last reset
  • The average score is 6 of 8
Answer Stats
Airline Destination % Correct
Viva Cancún
100%
Aeroméxico/Aeroméxico Connect/Viva/Volaris Mexico City
100%
Viva Mexico City (AIFA)
100%
Viva Monterrey
100%
Viva Guadalajara
78%
Viva Mérida
56%
Aerus Veracruz
22%
Aerus Minatitlán/Coatzacoalcos
11%
No matching quizzes found
Score Distribution
Percent of People with Each Score
Percentile by Number Answered
Your Score History
You have not taken this quiz since the last reset